| 000 | 01164 a2200217 4500 | ||
|---|---|---|---|
| 005 | 20080826123816.0 | ||
| 008 | 080826t xxu||||| |||| 00| 0 hin d | ||
| 010 | _aHIN-83122 | ||
| 020 |
_c95.00 _a8128814850 |
||
| 035 | _aHN-55468 | ||
| 037 | _bपु.प्र.अ.प्र/प्रका | ||
| 082 | _a230.64 | ||
| 100 | _aनिशांतकेतु | ||
| 245 |
_aसनातन यक्ष-प्रश्न / _cनिशांतकेतु |
||
| 246 |
_aSanatanayaksha-Prashna _bby Nishantketu |
||
| 260 |
_aनई दिल्ली _bडायमंड पॉकेट बुक्स _c2007 |
||
| 270 |
_ax-30, ओखला इंडस्ट्रियल एरिया, फेज-11 _bनई दिल्ली _e110020 _k011- 41611861 _l011- 41611866 _msales@diamondpublication.com |
||
| 300 |
_a192पृ _c22 सेमी (अजिल्द) |
||
| 942 |
_adpl _cHN _k230.64 / निशांत _2ddc _h230.64 _m निशांत |
||
| 999 |
_c11718 _d11718 |
||